000 00494nam a2200181Ia 4500
008 100917s9999 xx 000 0 und d
082 _b42352
100 _aबोराडे रा. रं.
245 _aपिकल पान
260 _bमेहता पब्लिशिंग हाऊस
_c---
300 _a48
365 _b6
520 _aनाटक
630 _aपिकल पान
650 _aनाटक
730 _aपिकल पान
942 _cBOOK
999 _c647746
_d647743